Libya : Five Years After Ghadafi.

Bibliographic Details
Corporate Author: United States. Congress. House. Committee on Foreign Affairs. Subcommittee on Terrorism, Nonproliferation, and Trade (other agent associated with work.)
Format: Government Document eBook
Language:English
Published: Bethesda, Md. : ProQuest, 2016.
Subjects:
Online Access:Electronic resource (PDF)

MARC

Tag First Indicator Second Indicator Subfields
LEADER 00000cam a22000001i 4500
001 in00004161521
005 20200117100843.0
006 m d f
007 cr bn mmmapmmp
008 170224s2016 mdu o f000 0 eng d
035 |a chdc20170027 
040 |a UMI  |b eng  |e rda  |c UMI  |d UtOrBLW 
043 |a f-ly---  |a n-us--- 
086 0 |a Y 4.F 76/1:114-238 
110 1 |a United States.  |b Congress.  |b House.  |b Committee on Foreign Affairs.  |b Subcommittee on the Middle East and North Africa,  |e issuing body.  |0 http://id.loc.gov/authorities/names/no2013046672 
245 1 0 |a Libya :  |b Five Years After Ghadafi. 
264 1 |a Bethesda, Md. :  |b ProQuest,  |c 2016. 
300 |a 45 pages, digital, PDF file 
336 |a text  |2 rdacontent  |b txt 
337 |a computer  |b c  |2 rdamedia 
338 |a online resource  |2 rdacarrier  |b cr 
500 |a Record is based on bibliographic data in ProQuest U.S. Congressional Hearings Digital Collection. Reuse except for individual research requires license from ProQuest, LLC. 
533 |a Electronic reproduction.  |b [Bethesda, Md.] :  |c ProQuest,  |d 2017.  |e digital, PDF file.  |n ProQuest Congressional Hearings Digital Collection.  |n Mode of access: World Wide Web via ProQuest website. 
538 |a System requirements: PDF reader software. 
610 2 0 |a IS (Organization)  |0 http://id.loc.gov/authorities/names/n2014059810 
650 0 |a Terrorism  |z Libya.  |0 http://id.loc.gov/authorities/subjects/sh2013001431 
651 0 |a United States  |x Foreign relations  |z Libya.  |0 http://id.loc.gov/authorities/subjects/sh2007100114 
710 1 |a United States.  |b Congress.  |b House.  |b Committee on Foreign Affairs.  |b Subcommittee on Terrorism, Nonproliferation, and Trade,  |e other agent associated with work.  |0 http://id.loc.gov/authorities/names/no2007060327 
776 0 8 |i Microfiche version:   |a United States. Congress. House. Committee on Foreign Affairs. Subcommittee on the Middle East and North Africa.  |t Libya  |o CIS 2017 H381-7  |w cis20170049 
856 4 0 |u http://proxy.library.tamu.edu/login?url=http://search.proquest.com/congcomp/getdoc?HEARING-ID=HRG-2016-FOA-0100  |y Electronic resource (PDF)  |z CIS 2017-H381-7  |t 0 
998 |a cis20170049 
999 f f |s a0542a00-4ecb-347c-b249-b63438eea31d  |i 37cdc998-92e1-3bf9-8dd2-7f9e7e57f042  |t 0 
952 f f |a Texas A&M University  |b College Station  |c Electronic Resources  |d Available Online  |t 0  |e Y 4.F 76/1:114-238  |h Superintendent of Documents classification 
998 f f |a Y 4.F 76/1:114-238  |t 0  |l Available Online